| 000 | 00514cam a2200217ua 4500 | ||
|---|---|---|---|
| 020 | _c15.00 | ||
| 041 |
_aeng _h |
||
| 082 |
_a420 _bFOW/KI |
||
| 100 | _aFowler, H W . | ||
| 245 |
_aKing`s English / _cH W Fowler. _hTextual Documents |
||
| 250 |
_a3 / _b. |
||
| 260 |
_aLondon : _bOxford at the Clarendon Press , _c1958. |
||
| 300 | _a383 ; . | ||
| 365 | _a15.00 | ||
| 504 | _a | ||
| 700 | 1 | _aFowler, F G . | |
| 942 | _cBK | ||
| 999 |
_c5881 _d5881 |
||